The Effective Spiritual Leadership Model of Nehemiah for Church Leader in 21st Century (Record no. 11428)

MARC details
000 -LEADER
fixed length control field 00632nam a2200241 a 4500
001 - CONTROL NUMBER
control field 0001-1428
003 - CONTROL NUMBER IDENTIFIER
control field ELIB.Books
008 - FIXED-LENGTH DATA ELEMENTS--GENERAL INFORMATION
fixed length control field 170321 2010 eng
020 ## - INTERNATIONAL STANDARD BOOK NUMBER
International Standard Book Number KBTS
035 ## - SYSTEM CONTROL NUMBER
System control number (ELIB.Books)0001-1583
092 ## - LOCALLY ASSIGNED DEWEY CALL NUMBER (OCLC)
Classification number Thesis Tha
Item number Tha
100 ## - MAIN ENTRY--PERSONAL NAME
Personal name Thaw Htu Htoo
245 ## - TITLE STATEMENT
Title The Effective Spiritual Leadership Model of Nehemiah for Church Leader in 21st Century
260 ## - PUBLICATION, DISTRIBUTION, ETC. (IMPRINT)
Place of publication, distribution, etc. KBTS Library
Name of publisher, distributor, etc. KBTS Library
Date of publication, distribution, etc. 2016
300 ## - PHYSICAL DESCRIPTION
Dimensions 29.7 Cm
500 ## - GENERAL NOTE
General note Thesis
650 ## - SUBJECT ADDED ENTRY--TOPICAL TERM
Topical term or geographic name as entry element Thesis
856 ## - ELECTRONIC LOCATION AND ACCESS
Name of location of host KBTS Library
Uniform Resource Identifier <a href="KBTS: ELIB">KBTS: ELIB</a>
942 ## - ADDED ENTRY ELEMENTS (KOHA)
Source of classification or shelving scheme Dewey Decimal Classification
Koha item type Books
990 ## - EQUIVALENCES OR CROSS-REFERENCES [LOCAL, CANADA]
Link information for 9XX fields 1
998 ## - LOCAL CONTROL INFORMATION (RLIN)
Cataloger's initials, CIN (RLIN) bat
-- 2017-03-21
Holdings
Withdrawn status Lost status Source of classification or shelving scheme Damaged status Not for loan Home library Current library Date acquired Total Checkouts Barcode Date last seen Bill Date Koha item type
    Dewey Decimal Classification     Karen Baptist Theological Seminary Library Karen Baptist Theological Seminary Library 21/03/2017   1-2016 22/01/2022 22/01/2022 Books
Implemented & Customized by: BestBookBuddies

Powered by Koha